00337nam a2200121Ia 4500008004100000041001200041082002200053100002400075245004200099260003300141300001000174650003100184231217s9999 xx 000 0 und d aEnglish a620.0042 GRE1;1 R aGreenwood Douglas C 0aMechanical details for product design c1964bMacgraw-hillaNew York ax+341 aMechanical,details,product